01020nas a2200229Ia 4500001001100000003000900011008004100020040001300061040001300074041001300087100004300100210003000143222003000173245011300203250001100316260003000327501008600357300002000443362004600463500024500509650003600754R031/43898IT-RoPAU151124c99999999xx |||||||||||| ||und|| aIT-RoPAU cIT-RoPAU aITALIANO aArosio MariogCodice Aut. SPICS: 9786 aRIVISTA DEL CINEMATOGRAFO aRivista Del Cinematografo aRIVISTA DEL CINEMATOGRAFO, ANNO 48-N.08/09 (AGOSTO/SETTEMBRE 1975)bCinema Arabo E Africano-2-Due Interviste a1a ed. aROMAbCITTA' ETERNAc1975 bPaulus - SPICS - Società San Paolo EM (non-commercial uses only)cCopyright2015 a11 p. [358-368] aANNO 048, N.08/09 (AGOSTO/SETTEMBRE 1975) aIntervista con il Regista Med Hondo Sul Suo Cinema e in Particolare Sul Film Les Bicots Negres Vos Voisins con il Testo del Prologo del Film. Intervista con il Regista Libanese Borhan Alaoui Sul Suo Film Kafr Kassem Sulla Causa Palestinese. aCINEMAvPUBBLICAZIONE PERIODICA